Publication of the Food and Agriculture Organization of the United Nations (Record no. 125278)
[ view plain ]
| 000 -LEADER | |
|---|---|
| fixed length control field | 00512cam a2200145 4500 |
| 008 - FIXED-LENGTH DATA ELEMENTS--GENERAL INFORMATION | |
| fixed length control field | 150415n 000 0 eng u |
| 035 ## - SYSTEM CONTROL NUMBER | |
| System control number | (Sirsi) a189419 |
| 050 ## - LIBRARY OF CONGRESS CALL NUMBER | |
| Classification number | FAO 5818 PUB 2014 |
| 110 1# - MAIN ENTRY--CORPORATE NAME | |
| Corporate name or jurisdiction name as entry element | Food and Agriculture Organization |
| 245 ## - TITLE STATEMENT | |
| Title | Publication of the Food and Agriculture Organization of the United Nations |
| 260 ## - PUBLICATION, DISTRIBUTION, ETC. | |
| Place of publication, distribution, etc. | Rome: |
| Name of publisher, distributor, etc. | Food and Agriculture Organization, |
| Date of publication, distribution, etc. | 2014 |
| 300 ## - PHYSICAL DESCRIPTION | |
| Extent | 82p.: |
| Other physical details | ill. |
| 504 ## - BIBLIOGRAPHY, ETC. NOTE | |
| Bibliography, etc. note | Includes index |
| 650 ## - SUBJECT ADDED ENTRY--TOPICAL TERM | |
| Topical term or geographic name entry element | Food and Agriculture Organization of the United Nations |
| Withdrawn status | Lost status | Source of classification or shelving scheme | Damaged status | Not for loan | Home library | Current library | Shelving location | Cost, normal purchase price | Total Checkouts | Full call number | Barcode | Date last seen | Copy number | Price effective from | Koha item type |
|---|---|---|---|---|---|---|---|---|---|---|---|---|---|---|---|
| Library of Congress Classification | Main Library | Main Library | Special collections | 0.00 | FAO Z5818 PUB 2014 | 33729005404244 | 08/22/2019 | 1 | 08/22/2019 | Book |